000 00414nab a2200145Ia 4500
003 ES-SlBCS
005 20210601131854.0
008 140529s1934 xxu||||| |||| 00| 0 ger d
041 _ager
100 1 _aWalz, Angelo
_9133357
245 0 0 _aHat Johann von Freiburg in Paris studiert?
_c Angelo Walz
600 1 4 _aJuan de Friburgo
_9189619
773 0 _tAngelicum
_gvol. 11, 1934, págs. 245-249
_wRev26
942 _cAR
999 _c570287
_d570287